000 01141pab a2200181 454500
008 180718b2000 xxu||||| |||| 00| 0 eng d
100 _aNijman, Jan
245 _aMumbai's real estate market in 1990s: de-regulation, global money and Casino capitalism
260 _c2000
300 _ap.575-82
362 _a12 Feb
520 _aMumbai's real estate market was characterised by extreme volatility extravagantly high prices and speculative market behaviour. This article examines the extent to which the market turbulence could be attributed to global capital. It finds that the players who had a decisive effect on the market were the local real estate companies, developers and the state national governments. The highly unbalanced deregulation measures allowed the demand to increase while supply was still fettered. To avoid destructive speculation in the market, inherent balance of liberalisation schemes matters most. - Reproduced
650 _aCasino - India - Maharashtra
650 _aReal estate business - India - Maharashtra
650 _aReal estate business
773 _aEconomic and Political Weekly
909 _a44008
999 _c44008
_d44008